A Nightingale Sang In Berkeley Square (1962) - Vera Lynn - All Lyrics - Statistics

General Stats
  • This quiz has been taken 7 times
  • The average score is 133 of 180
Answer Stats
Answer % Correct
a
100%
A
100%
an
100%
And
100%
and
100%
at
100%
be
100%
Berkeley
100%
But
100%
I
100%
in
100%
me
100%
night,
100%
night
100%
nightingale
100%
sang
100%
so
100%
Square
100%
square
100%
That
100%
that
100%
the
100%
The
100%
to
100%
was
100%
“Was
100%
when
100%
When
100%
as
80%
could
80%
he
80%
I'm
80%
It
80%
it
80%
love?
80%
may
80%
moon
80%
moon,
80%
of
80%
perfectly
80%
right,
80%
said
80%
smiled
80%
swear,
80%
There
80%
there,
80%
turned
80%
we
80%
were
80%
willing
80%
wrong
80%
you
80%
abroad
60%
affair
60%
air
60%
angels
60%
dining
60%
feet
60%
How
60%
how
60%
know
60%
know,
60%
magic
60%
met
60%
Ritz
60%
romantic
60%
stars
60%
such
60%
tap-dancing
60%
Astaire,
40%
'cause
40%
certain
40%
darn
40%
down
40%
dream
40%
frown
40%
goodnight
40%
just
40%
kissed
40%
lingered
40%
London
40%
or
40%
over
40%
paved
40%
Poor
40%
puzzled
40%
seemed
40%
streets
40%
town
40%
true?”
40%
up
40%
upside
40%
whole
40%
with
40%
wore
40%
world
40%
all
20%
away
20%
blue
20%
came
20%
dawn
20%
echo
20%
far
20%
gold
20%
homeward
20%
interrupt
20%
light,
20%
like
20%
our
20%
Our
20%
remember
20%
rendezvous
20%
stealing
20%
step
20%
still
20%
two
20%
No matching quizzes found
Score Distribution
Percent of People with Each Score
Percentile by Number Answered
Your Score History
You have not taken this quiz